[Event "Rated Blitz game"]
[Site "?"]
[Date "2021.10.08"]
[Round "?"]
[White "superguti"]
[Black "SparkyMarky"]
[Result "1-0"]
[WhiteElo "2402"]
[BlackElo "2433"]
[PlyCount "73"]
[EventDate "2021.??.??"]
[EventType "blitz"]

1. e4 e5 2. Nf3 d5 3. Nc3 dxe4 4. Nxe5 Nf6 5. d4 Nbd7 6. Bg5 Bd6 7. f4 exf3 8.
Nxf3 h6 9. Bh4 g5 10. Bg3 Bxg3+ 11. hxg3 Qe7+ 12. Be2 g4 13. Nh4 Nb6 14. O-O
Bd7 15. a4 O-O-O 16. a5 Nbd5 17. Nxd5 Nxd5 18. Qd2 a6 19. Bc4 Ne3 20. Qe2 Rhe8
21. Rfe1 f5 22. Ng6 Qg5 23. Ne5 f4 24. gxf4 Qh4 25. Bxa6 Rxe5 26. Bxb7+ Kxb7
27. a6+ Ka7 28. dxe5 Nd5 29. Qf2+ Qxf2+ 30. Kxf2 Nxf4 31. Re4 Rf8 32. Kg3 Ng6
33. e6 Bc6 34. Rc4 Kb6 35. b4 Ne5 36. Rc5 Rf5 37. c4 {Time forfeit} 1-0

[Event "Rated Blitz game"]
[Site "?"]
[Date "2021.10.08"]
[Round "?"]
[White "legochamp"]
[Black "RCompany_1"]
[Result "0-1"]
[WhiteElo "2514"]
[BlackElo "2402"]
[PlyCount "38"]
[EventDate "2021.??.??"]
[EventType "blitz"]

1. e4 e5 2. Nf3 d5 3. exd5 e4 4. Nd4 Qxd5 5. Ne2 Nf6 6. Ng3 Qe5 7. Nc3 Nc6 8.
Be2 h5 9. d3 exd3 10. Qxd3 h4 11. Nge4 Bf5 12. Nxf6+ Qxf6 13. Qe3+ Be7 14. Bd2
O-O-O 15. O-O-O h3 16. g3 Rhe8 17. Qf3 Nd4 18. Qf4 Bd6 19. Qg5 Nxe2+ {Normal}
0-1

[Event "Rated Blitz tournament FnEHL99A"]
[Site "?"]
[Date "2021.10.08"]
[Round "?"]
[White "GMJOEY93"]
[Black "cuerosky"]
[Result "1-0"]
[WhiteElo "2742"]
[BlackElo "2219"]
[PlyCount "41"]
[EventDate "2021.??.??"]
[EventType "blitz"]

1. e4 e5 2. Nf3 d5 3. d4 dxe4 4. Nxe5 Bd6 5. Nc4 Nf6 6. Bg5 Bf5 7. Nc3 Nc6 8.
d5 Ne5 9. Qd4 Qe7 10. Nxd6+ cxd6 11. Bb5+ Kf8 12. O-O h6 13. Bh4 g5 14. Bg3 Kg7
15. Rae1 a6 16. Ba4 b5 17. Bb3 Rad8 18. f3 exf3 19. Bxe5 dxe5 20. Rxe5 Qd7 21.
Rxf3 {Normal} 1-0

[Event "Rated Blitz game"]
[Site "?"]
[Date "2021.10.08"]
[Round "?"]
[White "neesmu"]
[Black "KamranShirazi"]
[Result "1-0"]
[WhiteElo "2622"]
[BlackElo "2618"]
[PlyCount "63"]
[EventDate "2021.??.??"]
[EventType "blitz"]

1. e4 e5 2. Nf3 d5 3. exd5 e4 4. Qe2 Nf6 5. d3 Bb4+ 6. c3 O-O 7. dxe4 Bc5 8.
Bg5 c6 9. e5 Re8 10. b4 Bb6 11. d6 Nbd7 12. Nbd2 h6 13. Bh4 g5 14. Bg3 Nh5 15.
Nc4 g4 16. Qd2 gxf3 17. Qxh6 Nxe5 18. Bxe5 Rxe5+ 19. Nxe5 Qh4 20. O-O-O Be6 21.
g3 Qf6 22. Qxh5 Bxf2 23. Rd3 Bd5 24. Ng4 Qe6 25. Nxf2 Qe1+ 26. Nd1 Be4 27. Re3
Qe2 28. Bxe2 fxe2 29. Rxe4 e1=Q 30. Rhxe1 f6 31. Re8+ Rxe8 32. Qg6+ {Time
forfeit} 1-0

[Event "Rated Blitz game"]
[Site "?"]
[Date "2021.10.08"]
[Round "?"]
[White "SweetChinMusic_04"]
[Black "zavareh"]
[Result "1-0"]
[WhiteElo "2461"]
[BlackElo "2303"]
[PlyCount "49"]
[EventDate "2021.??.??"]
[EventType "blitz"]

1. e4 e5 2. Nf3 d5 3. exd5 Bd6 4. Nc3 f5 5. d4 e4 6. Ne5 Nf6 7. Bb5+ Bd7 8. Qe2
O-O 9. O-O Qe7 10. Bf4 g5 11. Bxg5 Bxe5 12. dxe5 Qxe5 13. f3 Bxb5 14. Qxb5 exf3
15. Rxf3 Nbd7 16. Raf1 a6 17. Qb3 Nc5 18. Qc4 Nfe4 19. Bf4 Qe8 20. d6+ Kh8 21.
dxc7 Qe6 22. Qxe6 Nxe6 23. Be5+ Kg8 24. Nxe4 fxe4 25. Rg3+ {Normal} 1-0

[Event "Rated Blitz game"]
[Site "?"]
[Date "2021.10.08"]
[Round "?"]
[White "morenol"]
[Black "elcabusin"]
[Result "1-0"]
[WhiteElo "2381"]
[BlackElo "2496"]
[PlyCount "63"]
[EventDate "2021.??.??"]
[EventType "blitz"]

1. e4 e5 2. Nf3 d5 3. exd5 e4 4. Qe2 Nf6 5. d3 Qxd5 6. Nc3 Bb4 7. dxe4 Qxe4 8.
Bd2 Qxe2+ 9. Bxe2 O-O 10. O-O-O c6 11. Rhe1 Bg4 12. h3 Bh5 13. Ne5 Bxe2 14.
Rxe2 Re8 15. Rde1 Na6 16. a3 Bd6 17. Bg5 Rxe5 18. Rxe5 Bxe5 19. Rxe5 Kf8 20.
Bxf6 gxf6 21. Rf5 Kg7 22. Ne4 Re8 23. Nxf6 Re1+ 24. Kd2 Rb1 25. Kc3 Nc7 26. Nd7
Nb5+ 27. Kd3 Rxb2 28. Rg5+ Kh6 29. h4 Ra2 30. Nf6 Rxa3+ 31. Kd2 Ra4 32. Ng8# {
Normal} 1-0

[Event "Rated Blitz game"]
[Site "?"]
[Date "2021.10.08"]
[Round "?"]
[White "LSUBrainandHand"]
[Black "RCompany_1"]
[Result "1-0"]
[WhiteElo "2461"]
[BlackElo "2390"]
[PlyCount "93"]
[EventDate "2021.??.??"]
[EventType "blitz"]

1. e4 e5 2. Nf3 d5 3. Nc3 d4 4. Ne2 Nc6 5. d3 Bb4+ 6. Nd2 Nge7 7. a3 Ba5 8. g3
O-O 9. Bg2 Bb6 10. O-O a5 11. f4 f6 12. f5 g6 13. g4 gxf5 14. gxf5 Kh8 15. Kh1
Rg8 16. Rg1 Bd7 17. Nf3 Be8 18. Qe1 Bf7 19. Bd2 Qd6 20. Qh4 Rg7 21. Bh6 Rgg8
22. Ng3 Nb8 23. Bh3 Nd7 24. Bg4 Qc5 25. Rg2 Qb5 26. b3 a4 27. b4 c5 28. Rb1
cxb4 29. Rxb4 Qc6 30. Bh5 Ba2 31. Rb2 Ra5 32. Rxa2 Rb5 33. Ra1 Rb2 34. Bf7 Rxc2
35. Bxg8 Nxg8 36. Rag1 Rxg2 37. Rxg2 Bc5 38. Bc1 Bf8 39. Rg1 Qc2 40. Nh5 Qxd3
41. Qg4 Ne7 42. Ng7 Nc5 43. Nxe5 Qxe4+ 44. Qxe4 Nxe4 45. Ne6 fxe5 46. Nxf8 Nxf5
47. Ne6 {Time forfeit} 1-0

[Event "Rated Blitz game"]
[Site "?"]
[Date "2021.10.08"]
[Round "?"]
[White "dart7272"]
[Black "lavilaine"]
[Result "0-1"]
[WhiteElo "2399"]
[BlackElo "2411"]
[PlyCount "90"]
[EventDate "2021.??.??"]
[EventType "blitz"]

1. e4 e5 2. Nf3 d5 3. d3 dxe4 4. dxe4 Qxd1+ 5. Kxd1 Bd6 6. Be3 Nc6 7. Bc4 f5 8.
Nbd2 f4 9. Bxf4 exf4 10. Ke2 Bg4 11. h3 Nd4+ 12. Kd3 Bxf3 13. Kxd4 Bxg2 14.
Rhg1 f3 15. e5 Be7 16. Be6 Rd8+ 17. Kc3 Bb4+ 18. Kxb4 Rxd2 19. Rgd1 Rxd1 20.
Rxd1 Ke7 21. Bc8 Nh6 22. Rd7+ Ke8 23. Rxg7 Nf7 24. e6 Nd6 25. Bd7+ Kd8 26. h4
Nf5 27. Rf7 Ne7 28. c4 h5 29. Kc5 Rg8 30. Rh7 b6+ 31. Kb4 c5+ 32. Kb5 Nf5 33.
Rxh5 Nd4+ 34. Ka6 Bh3 35. Kxa7 Bxe6 36. Ba4 Rg2 37. Kxb6 Rxf2 38. Kxc5 Rxb2 39.
Kxd4 f2 40. Rh8+ Ke7 41. Rh7+ Bf7 42. Bb3 f1=Q 43. c5 Qf6+ 44. Kd3 Qf5+ 45. Kc3
Qxh7 {Normal} 0-1

[Event "Rated Blitz game"]
[Site "?"]
[Date "2021.10.08"]
[Round "?"]
[White "NuhiJashari"]
[Black "RCompany_1"]
[Result "0-1"]
[WhiteElo "2500"]
[BlackElo "2383"]
[PlyCount "69"]
[EventDate "2021.??.??"]
[EventType "blitz"]

1. e4 e5 2. Nf3 d5 3. d4 dxe4 4. Nxe5 Bd6 5. f4 Nf6 6. Bc4 O-O 7. O-O Nc6 8. c3
Bf5 9. h3 h5 10. Be3 Na5 11. Be2 Nd5 12. Bf2 Nxf4 13. b4 Bxe5 14. dxe5 Nc6 15.
Bxh5 Bxh3 16. gxh3 Qg5+ 17. Qg4 Nxh3+ 18. Kh2 Qxg4 19. Bxg4 Nxf2 20. Rxf2 Nxe5
21. Be2 Rad8 22. Na3 Rd2 23. Kg2 e3 24. Rf5 Rxe2+ 25. Kf1 Rf2+ 26. Rxf2 exf2
27. Kxf2 Rd8 28. Ke2 f5 29. Nb5 c6 30. Nd4 g6 31. a4 Kf7 32. a5 a6 33. Rg1 Kf6
34. Rxg6+ Kxg6 35. Ne6 {Normal} 0-1

[Event "Rated Blitz game"]
[Site "?"]
[Date "2021.10.08"]
[Round "?"]
[White "Mr_Hotdog"]
[Black "RCompany_1"]
[Result "1-0"]
[WhiteElo "2447"]
[BlackElo "2435"]
[PlyCount "97"]
[EventDate "2021.??.??"]
[EventType "blitz"]

1. e4 e5 2. Nf3 d5 3. Nxe5 Bd6 4. d4 dxe4 5. Nc3 Bxe5 6. dxe5 Qxd1+ 7. Nxd1 Nc6
8. Bf4 Nge7 9. Bb5 Bd7 10. Nc3 a6 11. Bc4 Ng6 12. Bg3 Ncxe5 13. Bd5 f5 14. Bxe5
Nxe5 15. O-O-O Bc6 16. Be6 g6 17. h3 Ke7 18. Bb3 Rhd8 19. Ne2 Rxd1+ 20. Rxd1
Rd8 21. Nd4 Bd7 22. Ne2 c5 23. Rd5 c4 24. Rxe5+ Kf6 25. Rc5 cxb3 26. axb3 Bc6
27. c3 Rd6 28. Nd4 f4 29. Kd2 h6 30. h4 g5 31. hxg5+ hxg5 32. Rf5+ Kg6 33. Rc5
e3+ 34. fxe3 fxe3+ 35. Kxe3 Bxg2 36. Kf2 Be4 37. Kg3 Rd7 38. Re5 Bd5 39. b4 Kf6
40. Rf5+ Kg6 41. Re5 Bc6 42. Rc5 Rd6 43. b3 Rd5 44. Rc4 Bb5 45. Rc7 Bc6 46. Re7
Kf6 47. Rc7 Ke5 48. Nxc6+ bxc6 49. Rxc6 {Time forfeit} 1-0

[Event "Rated Rapid game"]
[Site "?"]
[Date "2021.10.08"]
[Round "?"]
[White "Narek0725"]
[Black "Kukarachenko"]
[Result "0-1"]
[WhiteElo "2302"]
[BlackElo "2464"]
[PlyCount "108"]
[EventDate "2021.??.??"]
[EventType "rapid"]

1. e4 e5 2. Nf3 d5 3. d4 dxe4 4. Nxe5 Bd6 5. Nc4 Nf6 6. Be2 O-O 7. O-O Nc6 8.
c3 h6 9. Nxd6 Qxd6 10. Nd2 Re8 11. Nc4 Qe7 12. Ne3 Bd7 13. b3 Rad8 14. a4 Be6
15. Ba3 Qd7 16. Qc2 Nd5 17. Nxd5 Bxd5 18. c4 Nxd4 19. Qb2 Nxe2+ 20. Qxe2 Bc6
21. Rad1 Qf5 22. Rxd8 Rxd8 23. Rd1 Rd3 24. Rxd3 exd3 25. Qd2 Qe4 26. f3 Qd4+
27. Kf1 Qa1+ 28. Bc1 Qb1 29. Kf2 Qxb3 30. Ke3 Qxc4 31. Bb2 Bxa4 32. Qxd3 Qxd3+
33. Kxd3 f6 34. Ke4 Kf7 35. Kd5 Bc6+ 36. Kc5 Ba4 37. f4 b6+ 38. Kd5 Ke7 39. g3
c6+ 40. Ke4 Bc2+ 41. Ke3 g6 42. g4 Ke6 43. Kd4 f5 44. g5 hxg5 45. fxg5 f4 46.
Bc1 Kf5 47. h4 a5 48. Kc3 Be4 49. Kd4 f3 50. Be3 Bd5 51. Kc3 Kg4 52. Bxb6 Kxh4
53. Be3 Kg3 54. Bb6 f2 {Normal} 0-1

[Event "Rated Blitz game"]
[Site "?"]
[Date "2021.10.08"]
[Round "?"]
[White "mrkica1964"]
[Black "alaeldin12"]
[Result "1-0"]
[WhiteElo "2503"]
[BlackElo "2394"]
[PlyCount "75"]
[EventDate "2021.??.??"]
[EventType "blitz"]

1. e4 e5 2. Nf3 d5 3. exd5 e4 4. Qe2 Nf6 5. d3 Qxd5 6. Ng5 Be7 7. Nxe4 O-O 8.
Nbc3 Qd8 9. Qd1 Bb4 10. Bd2 Re8 11. Be2 Nxe4 12. Nxe4 Bxd2+ 13. Qxd2 f5 14. Nc3
Nc6 15. O-O Nd4 16. Rae1 Nxe2+ 17. Rxe2 Bd7 18. Rfe1 Qf6 19. Rxe8+ Rxe8 20.
Rxe8+ Bxe8 21. Qe3 Bc6 22. Qxa7 Qe5 23. Qe3 Qf6 24. f4 h6 25. g3 Qg6 26. Ne2
Qf7 27. c4 Qf6 28. Nd4 Bd7 29. Qe5 Qb6 30. Qd5+ Kh8 31. Qxd7 Qxb2 32. Qc8+ Kh7
33. Qxf5+ Kg8 34. Qe4 Qxa2 35. Ne2 Qd2 36. Kf2 c6 37. c5 Qc2 38. Qc4+ {Normal}
1-0

[Event "Rated Rapid game"]
[Site "?"]
[Date "2021.10.08"]
[Round "?"]
[White "Capi48"]
[Black "Delyvj"]
[Result "1-0"]
[WhiteElo "2416"]
[BlackElo "2472"]
[PlyCount "143"]
[EventDate "2021.??.??"]
[EventType "rapid"]

1. e4 e5 2. Nf3 d5 3. Nxe5 dxe4 4. Nc4 Nc6 5. Nc3 Nf6 6. Ne3 Nd4 7. d3 Bb4 8.
Bd2 exd3 9. Bxd3 O-O 10. O-O Be6 11. a3 Ba5 12. Nc4 c6 13. Nxa5 Qxa5 14. Ne4
Qd8 15. Bg5 Bf5 16. Bxf6 gxf6 17. Ng3 Bg6 18. Bxg6 hxg6 19. c3 Ne6 20. Qxd8
Raxd8 21. Rfd1 f5 22. Ne2 Kg7 23. f3 Kf6 24. Kf2 c5 25. Ke1 a5 26. Rxd8 Rxd8
27. Rd1 Rxd1+ 28. Kxd1 Ke5 29. Kd2 c4 30. Ke3 g5 31. Kf2 Nc5 32. Nc1 f4 33. g3
Kd5 34. gxf4 gxf4 35. Ne2 Nd3+ 36. Kg2 Ke5 37. h4 Nxb2 38. Kh3 Nd1 39. Kg4 Nf2+
40. Kg5 f6+ 41. Kg6 b5 42. h5 Nh3 43. h6 Ng5 44. h7 Nxf3 45. h8=Q Ke4 46. Qxf6
Ne5+ 47. Kg7 Nd3 48. Nd4 b4 49. axb4 axb4 50. Qe6+ Ne5 51. Nc6 bxc3 52. Qxe5+
Kd3 53. Qxf4 c2 54. Qc1 Kc3 55. Na5 Kb4 56. Nxc4 Kxc4 57. Qxc2+ Kd5 58. Kf6 Kd4
59. Qd2+ Ke4 60. Qd6 Ke3 61. Qe5+ Kd3 62. Qf4 Kc3 63. Ke5 Kd3 64. Qd4+ Kc2 65.
Qe3 Kb2 66. Qd3 Ka2 67. Kd4 Kb2 68. Kc4 Ka2 69. Qc2+ Ka1 70. Qf2 Kb1 71. Kb3
Kc1 72. Qc2# {Normal} 1-0

[Event "Rated Blitz game"]
[Site "?"]
[Date "2021.10.08"]
[Round "?"]
[White "Hyo_Lee"]
[Black "Frutek"]
[Result "0-1"]
[WhiteElo "2594"]
[BlackElo "2527"]
[PlyCount "68"]
[EventDate "2021.??.??"]
[EventType "blitz"]

1. e4 e5 2. Nf3 d5 3. Nxe5 Bd6 4. d4 dxe4 5. Nc4 f6 6. Nc3 Ne7 7. Nxe4 O-O 8.
Nexd6 cxd6 9. Be2 d5 10. Ne3 Nbc6 11. O-O f5 12. c4 f4 13. Nxd5 Nxd5 14. cxd5
Qxd5 15. Bf3 Qxd4 16. Qb3+ Kh8 17. Rd1 Qf6 18. Qa3 Ne5 19. Bd2 Bg4 20. Bxg4
Nxg4 21. h3 Ne5 22. Bc3 f3 23. g3 Qf5 24. Kh2 Ng6 25. Qd6 Rae8 26. Re1 Re2 27.
Qd4 Qf7 28. Rad1 b6 29. Rf1 h6 30. Rd2 Kh7 31. Qd3 Rfe8 32. h4 h5 33. Qb5 Nxh4
34. gxh4 Qf4+ {Normal} 0-1

[Event "Rated Blitz game"]
[Site "?"]
[Date "2021.10.08"]
[Round "?"]
[White "MarineLePen_FR"]
[Black "RCompany_1"]
[Result "1-0"]
[WhiteElo "2471"]
[BlackElo "2387"]
[PlyCount "63"]
[EventDate "2021.??.??"]
[EventType "blitz"]

1. e4 e5 2. Nf3 d5 3. exd5 e4 4. Qe2 Nf6 5. d3 Qxd5 6. Nc3 Bb4 7. dxe4 Bxc3+ 8.
bxc3 Qxe4 9. Qxe4+ Nxe4 10. Bd3 Nxc3 11. Bb2 Nd5 12. Bxg7 Rg8 13. Bb2 Rxg2 14.
Kf1 Bh3 15. Re1+ Kd8 16. Ne5 Rg5+ 17. Ke2 Nf4+ 18. Kd2 Be6 19. Nxf7+ Bxf7 20.
Bf6+ Kd7 21. Bxg5 Nxd3 22. Re7+ Kd6 23. Rxf7 Nc5 24. Bf4+ Kd5 25. Ke3 Nc6 26.
Rd1+ Kc4 27. Rxc7 Re8+ 28. Kf3 Nd4+ 29. Rxd4+ Kxd4 30. Be3+ Rxe3+ 31. fxe3+ Kd5
32. Rxh7 {Normal} 1-0

[Event "Rated Blitz game"]
[Site "?"]
[Date "2021.10.08"]
[Round "?"]
[White "TheBenkoKid"]
[Black "RCompany_1"]
[Result "0-1"]
[WhiteElo "2430"]
[BlackElo "2375"]
[PlyCount "20"]
[EventDate "2021.??.??"]
[EventType "blitz"]

1. e4 e5 2. Nf3 d5 3. exd5 e4 4. Qe2 Nf6 5. Nc3 Be7 6. Nxe4 Nxd5 7. d3 O-O 8.
Be3 Re8 9. O-O-O f5 10. Neg5 f4 {Normal} 0-1

[Event "Rated Blitz game"]
[Site "?"]
[Date "2021.10.08"]
[Round "?"]
[White "MarcinPol137"]
[Black "alaeldin12"]
[Result "0-1"]
[WhiteElo "2477"]
[BlackElo "2385"]
[PlyCount "58"]
[EventDate "2021.??.??"]
[EventType "blitz"]

1. e4 e5 2. Nf3 d5 3. exd5 e4 4. Qe2 Nf6 5. d3 Qxd5 6. dxe4 Qxe4 7. Nc3 Bb4 8.
Bd2 Qxe2+ 9. Bxe2 O-O 10. O-O Bf5 11. Nd4 Bg6 12. Rac1 Rd8 13. Nb3 Nc6 14. Bf3
Na5 15. Rfd1 Nc4 16. Bxb7 Rab8 17. Ba6 Nxb2 18. Rf1 Rb6 19. Be2 a5 20. Rb1 a4
21. Rxb2 axb3 22. cxb3 Ba3 23. Bc1 Bxb2 24. Bxb2 Rd2 25. Ba1 Ne4 26. Bc4 Nxc3
27. Bxc3 Rc2 28. Bd4 Rd6 29. Be5 Bd3 {Time forfeit} 0-1

[Event "Rated Blitz game"]
[Site "?"]
[Date "2021.10.08"]
[Round "?"]
[White "mrkica1964"]
[Black "alaeldin12"]
[Result "1-0"]
[WhiteElo "2506"]
[BlackElo "2391"]
[PlyCount "67"]
[EventDate "2021.??.??"]
[EventType "blitz"]

1. e4 e5 2. Nf3 d5 3. exd5 e4 4. Qe2 Nf6 5. d3 Qxd5 6. Ng5 Bb4+ 7. c3 Be7 8.
dxe4 Qd8 9. f4 O-O 10. e5 Bg4 11. Nf3 Nh5 12. Be3 Nd7 13. Nbd2 Bc5 14. O-O-O
Qe7 15. Ne4 Bxe3+ 16. Qxe3 Rad8 17. Bc4 Nb6 18. Bb3 a5 19. a3 a4 20. Ba2 Be6
21. Bxe6 fxe6 22. g3 Nd5 23. Qc5 Qe8 24. Rhe1 Nhxf4 25. gxf4 Rxf4 26. Nd4 Qg6
27. Nd2 Rf2 28. Nxe6 Rxd2 29. Rxd2 Qxe6 30. c4 c6 31. cxd5 cxd5 32. Qd4 Rc8+
33. Kb1 Rc4 34. Qxd5 {Normal} 1-0

[Event "Rated Rapid game"]
[Site "?"]
[Date "2021.10.08"]
[Round "?"]
[White "master_in_making"]
[Black "Delyvj"]
[Result "1/2-1/2"]
[WhiteElo "2377"]
[BlackElo "2443"]
[PlyCount "131"]
[EventDate "2021.??.??"]
[EventType "rapid"]

1. e4 e5 2. Nf3 d5 3. Nxe5 dxe4 4. d4 exd3 5. Bxd3 Nd7 6. Qe2 Be7 7. O-O Ngf6
8. Nc3 O-O 9. f4 Nc5 10. Bc4 c6 11. a3 Be6 12. f5 Qd4+ 13. Qe3 Qxe3+ 14. Bxe3
Bxc4 15. Nxc4 Nce4 16. Bd4 Rfd8 17. Be5 Bc5+ 18. Kh1 Nf2+ 19. Kg1 N6e4 20. g3
Nxc3 21. Bxc3 Ne4+ 22. Kg2 Nxc3 23. bxc3 b5 24. Ne5 Rd2+ 25. Kh3 Rxc2 26. Nxc6
Rxc3 27. f6 gxf6 28. Rxf6 Rxa3 29. Raf1 Rf8 30. Ne5 Bd4 31. Rxf7 Rxf7 32. Nxf7
b4 33. Nd6 b3 34. Nb5 Ra4 35. Rb1 b2 36. Nxd4 Rxd4 37. Rxb2 Rd7 38. Kg4 a5 39.
Rb8+ Kf7 40. Ra8 Ke6 41. Rxa5 Kf6 42. Ra6+ Kg7 43. h4 Rd5 44. h5 h6 45. Kh4
Rd4+ 46. g4 Rd1 47. Rg6+ Kh7 48. Kg3 Rd4 49. Kf3 Ra4 50. Rb6 Kg7 51. Rb7+ Kf6
52. Rb6+ Kg7 53. Rg6+ Kh7 54. Rf6 Kg7 55. Rf4 Rxf4+ 56. Kxf4 Kf6 57. Kf3 Kg5
58. Kg3 Kf6 59. Kf4 Ke6 60. g5 hxg5+ 61. Kxg5 Kf7 62. Kh6 Kg8 63. Kg6 Kh8 64.
h6 Kg8 65. h7+ Kh8 66. Kh6 {Normal} 1/2-1/2

[Event "Rated Blitz tournament 6Ltw6fxW"]
[Site "?"]
[Date "2021.10.08"]
[Round "?"]
[White "freak1000"]
[Black "dr_xStranger"]
[Result "0-1"]
[WhiteElo "2474"]
[BlackElo "2549"]
[PlyCount "68"]
[EventDate "2021.??.??"]
[EventType "blitz"]

1. e4 e5 2. Nf3 d5 3. Nxe5 Bd6 4. d4 dxe4 5. Nc4 Nf6 6. Ne3 O-O 7. Be2 Nc6 8.
c3 Re8 9. O-O Ne7 10. Nc4 Ned5 11. Nba3 Bf4 12. Be3 a6 13. Qd2 Bxe3 14. Nxe3
Nxe3 15. fxe3 Bg4 16. Nc4 Bxe2 17. Qxe2 Nd5 18. Ne5 f6 19. Ng4 Qd7 20. a3 b5
21. Rac1 Rab8 22. c4 bxc4 23. Rxc4 Rb3 24. Rc5 c6 25. Qc2 Reb8 26. Qxe4 Re8 27.
Qc2 Reb8 28. h3 h5 29. Nh2 Nxe3 30. Qg6 Nxf1 31. Nxf1 Qxd4+ 32. Kh2 Qxc5 33.
Ng3 Qe5 34. Qc2 Qxg3+ {Normal} 0-1

[Event "Rated Blitz tournament 3Ck9wjNj"]
[Site "?"]
[Date "2021.10.08"]
[Round "?"]
[White "mars-3000"]
[Black "CaroyinixDiscomix"]
[Result "0-1"]
[WhiteElo "2238"]
[BlackElo "2423"]
[PlyCount "42"]
[EventDate "2021.??.??"]
[EventType "blitz"]

1. e4 e5 2. Nf3 d5 3. Nxe5 Bd6 4. d4 dxe4 5. Bc4 Bxe5 6. Qh5 Qe7 7. dxe5 Be6 8.
Bxe6 Qxe6 9. Nc3 Nd7 10. Bf4 O-O-O 11. O-O-O Ne7 12. Nxe4 Ng6 13. Bg3 Ndxe5 14.
Rhe1 Qxa2 15. Nc3 Qa1+ 16. Nb1 f6 17. Rxd8+ Rxd8 18. Re3 Qa5 19. f4 Nd3+ 20.
cxd3 Qxh5 21. Nc3 Nh4 {Time forfeit} 0-1

[Event "Rated Blitz game"]
[Site "?"]
[Date "2021.10.08"]
[Round "?"]
[White "micfel"]
[Black "Tintyn"]
[Result "0-1"]
[WhiteElo "2439"]
[BlackElo "2476"]
[PlyCount "60"]
[EventDate "2021.??.??"]
[EventType "blitz"]

1. e4 e5 2. Nf3 d5 3. Nxe5 Bd6 4. d4 dxe4 5. Be2 Nf6 6. O-O O-O 7. Bg5 Nc6 8.
Nxc6 bxc6 9. Nc3 Re8 10. Re1 Bf5 11. Qd2 h6 12. Bh4 g5 13. Bg3 Nd5 14. Bc4 Bxg3
15. hxg3 Kg7 16. Bb3 Qd7 17. Na4 Bg6 18. Nc5 Qg4 19. c4 Nf6 20. Qc3 Bf5 21. d5
cxd5 22. cxd5 Kg6 23. Rad1 Qh5 24. d6 Ng4 25. dxc7 Qh2+ 26. Kf1 e3 27. Rd6+ Kh7
28. Rxe3 Qh1+ 29. Ke2 Qxg2 30. Ne6 Qxf2+ {Normal} 0-1

[Event "Rated Blitz game"]
[Site "?"]
[Date "2021.10.08"]
[Round "?"]
[White "SHORT21"]
[Black "KamranShirazi"]
[Result "1-0"]
[WhiteElo "2730"]
[BlackElo "2662"]
[PlyCount "85"]
[EventDate "2021.??.??"]
[EventType "blitz"]

1. e4 e5 2. Nf3 d5 3. Nxe5 Bd6 4. d4 dxe4 5. Nc4 Nc6 6. Nxd6+ cxd6 7. d5 Ne5 8.
Nc3 f5 9. Bb5+ Bd7 10. O-O Bxb5 11. Nxb5 Nf6 12. Nd4 Qd7 13. Ne6 Kf7 14. Ng5+
Kg8 15. b3 h6 16. Ne6 Re8 17. c4 Kh7 18. Bb2 g5 19. f4 exf3 20. Rxf3 Kg6 21.
Re3 Rxe6 22. dxe6 Qxe6 23. Qd4 Re8 24. Rae1 f4 25. R3e2 f3 26. Re3 fxg2 27.
Kxg2 Qd7 28. h3 Qc6+ 29. Kg3 Nh5+ 30. Kh2 Nf3+ 31. Rxf3 Rxe1 32. Rf6+ Nxf6 33.
Qxf6+ Kh5 34. Qf7+ Kh4 35. Qf2+ Kh5 36. Qxe1 Qf3 37. Qe8+ Kh4 38. Qe1+ Kh5 39.
Bc3 Kg6 40. Qe6+ Kh5 41. Qe8+ Qf7 42. Qxf7+ Kh4 43. Be1# {Normal} 1-0

[Event "Rated Blitz game"]
[Site "?"]
[Date "2021.10.08"]
[Round "?"]
[White "viewer94"]
[Black "Sdjordje12345_s"]
[Result "1-0"]
[WhiteElo "2440"]
[BlackElo "2288"]
[PlyCount "71"]
[EventDate "2021.??.??"]
[EventType "blitz"]

1. e4 e5 2. Nf3 d5 3. Nxe5 Qe7 4. d4 f6 5. Nd3 dxe4 6. Nf4 Bf5 7. Nc3 c6 8. d5
Nd7 9. dxc6 bxc6 10. Be3 g5 11. Nfd5 cxd5 12. Qxd5 Rd8 13. Qxf5 Nh6 14. Qxe4
Qxe4 15. Nxe4 Be7 16. Bc4 f5 17. Nxg5 Ng4 18. Ne6 Nxe3 19. fxe3 Nb6 20. Bb5+
Rd7 21. Rd1 Kf7 22. Bxd7 Nxd7 23. Rxd7 Kxe6 24. Rxa7 Bd6 25. O-O h5 26. Ra6 Rf8
27. Rd1 h4 28. Rdxd6+ Ke5 29. Kf2 f4 30. Re6+ Kd5 31. e4+ Kd4 32. Ra5 f3 33.
Rd5+ Kc4 34. Rc6+ Kb4 35. c3+ Ka4 36. Ra6# {Normal} 1-0

[Event "Rated Blitz game"]
[Site "?"]
[Date "2021.10.08"]
[Round "?"]
[White "sizukinis24"]
[Black "RCompany_1"]
[Result "0-1"]
[WhiteElo "2434"]
[BlackElo "2429"]
[PlyCount "71"]
[EventDate "2021.??.??"]
[EventType "blitz"]

1. e4 e5 2. Nf3 d5 3. exd5 e4 4. Qe2 Nf6 5. Nc3 Be7 6. Nxe4 Nxd5 7. d4 O-O 8.
Bd2 Re8 9. O-O-O Nc6 10. Be3 Bg4 11. h3 Bh5 12. Ng3 Bg6 13. Ne5 f5 14. Qc4 Kh8
15. Nxg6+ hxg6 16. Ne2 g5 17. Bd2 Bf6 18. Kb1 f4 19. h4 gxh4 20. Nxf4 Nxf4 21.
Bxf4 g5 22. Be3 Ne7 23. d5 Nf5 24. Bc5 Nd6 25. Qg4 Ne4 26. Bb4 a5 27. Ba3 Nxf2
28. Qh5+ Kg7 29. Bd3 Nxd3 30. Rxd3 Qd7 31. Rf3 Qf7 32. Qg4 Qxd5 33. Rhf1 Re6
34. Qh5 b5 35. Qg4 b4 36. Rc3 {Normal} 0-1

[Event "Rated Blitz game"]
[Site "?"]
[Date "2021.10.07"]
[Round "?"]
[White "Metadust"]
[Black "Dzon_Vejn"]
[Result "1-0"]
[WhiteElo "2654"]
[BlackElo "2471"]
[PlyCount "37"]
[EventDate "2021.??.??"]
[EventType "blitz"]

1. e4 e5 2. Nf3 d5 3. exd5 e4 4. Qe2 Nf6 5. Nc3 Be7 6. Nxe4 O-O 7. d3 Re8 8.
Bd2 Nxd5 9. O-O-O f5 10. Neg5 Bf6 11. Ne4 fxe4 12. dxe4 Qe7 13. Qc4 Qxe4 14.
Re1 Qxc4 15. Bxc4 Rxe1+ 16. Rxe1 Kf8 17. Bxd5 Nc6 18. Ng5 h6 19. Nh7# {Normal}
1-0

[Event "Rated Blitz game"]
[Site "?"]
[Date "2021.10.07"]
[Round "?"]
[White "ElPeonAmigo"]
[Black "RCompany_1"]
[Result "1-0"]
[WhiteElo "2510"]
[BlackElo "2445"]
[PlyCount "137"]
[EventDate "2021.??.??"]
[EventType "blitz"]

1. e4 e5 2. Nf3 d5 3. exd5 e4 4. Ne5 Qxd5 5. d4 exd3 6. Nxd3 Nc6 7. Nc3 Qa5 8.
Be2 Bf5 9. O-O O-O-O 10. Bd2 Nf6 11. Ne4 Bb4 12. Bxb4 Nxb4 13. Nxf6 gxf6 14.
Bg4 Nxd3 15. cxd3 Rhg8 16. Bxf5+ Qxf5 17. Kh1 Rxd3 18. Qc2 Qd5 19. Rg1 h5 20.
Rac1 c6 21. Qa4 Kb8 22. Qf4+ Qe5 23. Qxe5+ fxe5 24. Rc2 Rgd8 25. Re2 f6 26. h3
Rd2 27. Rge1 Kc7 28. Kh2 h4 29. g3 hxg3+ 30. Kxg3 Rg8+ 31. Kf3 Rd7 32. Ke3 Rh7
33. Rh1 Rh4 34. f3 Kd6 35. Reh2 f5 36. Kf2 Ke6 37. Rg2 Rxg2+ 38. Kxg2 Kf6 39.
Rd1 Rh7 40. Rd6+ Kg5 41. Kg3 f4+ 42. Kg2 Kf5 43. Rd8 Rg7+ 44. Kf2 Rf7 45. Rg8
e4 46. fxe4+ Kxe4 47. Re8+ Kf5 48. Kf3 Kg5 49. Rg8+ Kf5 50. h4 Rh7 51. Rg5+ Kf6
52. Rg4 c5 53. Rxf4+ Ke5 54. Ke3 b5 55. Rg4 Kd5 56. Kd3 a5 57. Rg5+ Kc6 58. h5
Rd7+ 59. Kc3 b4+ 60. Kc2 Kb5 61. b3 Rf7 62. Rg2 Rf5 63. Rh2 Rf7 64. h6 Rh7 65.
Kd3 a4 66. Ke4 axb3 67. axb3 c4 68. Rh5+ Kc6 69. bxc4 {Time forfeit} 1-0

[Event "Rated Blitz game"]
[Site "?"]
[Date "2021.10.07"]
[Round "?"]
[White "Master_Yoda1993"]
[Black "RCompany_1"]
[Result "0-1"]
[WhiteElo "2450"]
[BlackElo "2448"]
[PlyCount "50"]
[EventDate "2021.??.??"]
[EventType "blitz"]

1. e4 e5 2. Nf3 d5 3. exd5 e4 4. Nd4 Qxd5 5. Nb3 Qe5 6. Nc3 Nf6 7. Bc4 Bd6 8.
Qe2 O-O 9. Nb5 Nc6 10. Nxd6 cxd6 11. d4 exd3 12. Qxe5 dxe5 13. Bxd3 Nb4 14. Bg5
Nxd3+ 15. cxd3 Nd5 16. O-O-O Be6 17. Kb1 Rac8 18. f3 f6 19. Bd2 Bf5 20. Be1
Rfd8 21. Bf2 b6 22. h4 Nf4 23. Nc1 Nxd3 24. Nxd3 Bxd3+ 25. Ka1 Rc2 {Normal} 0-1